| 000 | 01234nam a22002895a 4500 | ||
|---|---|---|---|
| 003 | OSt | ||
| 005 | 20180110122541.0 | ||
| 008 | 180110s2014 ua gr 000 0 ara d | ||
| 017 | _a2014 / 16550 | ||
| 020 | _a9789774720437 | ||
| 040 |
_aEG-ScBUE _bara _cEG-ScBUE |
||
| 043 | _af-ua--- | ||
| 082 | 0 | 4 |
_a320.962 _bز هـ ر _222 |
| 100 | 1 | _aزهران، جمال علي. | |
| 245 | 1 | 0 |
_aمحارب ضد التوريث وفساد السلطة، 2005 - 2010 م / _cجمال علي زهران. |
| 250 | _aط. 1. | ||
| 260 |
_aالقاهرة : _bالدار المصرية السعودية للطباعة والنشر والتوزيع، _c2014. |
||
| 300 |
_a382 ص. ؛ _c24 سم. |
||
| 490 | 0 |
_aسلسلة إصدارات مركز الاستقلال للدراسات الاستراتيجية والاستشارات ؛ _v5 |
|
| 541 |
_aدكتور محمد شومان ؛ _cإهداء ؛ |
||
| 650 | 7 |
_aالفساد السياسي _zمصر _xقرن 21. _2BUEsh |
|
| 651 | 7 |
_aمصر _xسياسة وحكومة _yقرن 21. _2BUEsh |
|
| 651 | 7 |
_aمصر _xسياسة وحكومة _yحسني مبارك، 1981-2011 _2BUEsh |
|
| 651 | 7 |
_aمصر _xأحوال سياسية _yقرن 21. _2BUEsh |
|
| 653 |
_bBUSBOL _cJanuary2018 |
||
| 942 | _2ddc | ||
| 999 |
_c25925 _d25897 |
||